| 000 | 01146nam a2200229Ia 4500 | ||
|---|---|---|---|
| 003 | Ost | ||
| 005 | 20260507075734.0 | ||
| 008 | 260507s9999||||xx |||||||||||||| ||und|| | ||
| 040 | _cfsecg | ||
| 041 | _aara | ||
| 082 | _a330 | ||
| 100 |
_aحيدر، معالي فهمى _eمؤلف |
||
| 245 | 0 |
_aنظم المعلومات : _bمدخل لتحقيق الميزة التنافسية / _c معالي فهمى حيدر |
|
| 260 |
_aالاسكندرية: _bالدار الجامعية, _c2002 |
||
| 300 |
_a400 صفحة؛ _bإيضاحات ؛ _c24 سم |
||
| 504 | _aببليوغرافيا: ص.393 | ||
| 520 | _aدور نظم المعلومات في تحقيق الميزة التنافسية،نظم المعلومات ودورها في دعم اتخاذ القرارات الادارية،انشاء وتطوير نظم المعلومات،تكنولوجيا المعلومات وتطبيقات الإتصالات عن بعد،نظم المعلومات الوظيفية | ||
| 653 | _aالقرارات الإدارية | ||
| 653 | _aالمنافسة | ||
| 653 | _aنظم المعلومات- المؤسسة الممتدة | ||
| 942 | _cكتاب | ||
| 999 |
_c46064 _d46064 |
||